| 000 | 01450nam a2200253Ia 4500 | ||
|---|---|---|---|
| 999 |
_c53163 _d53163 |
||
| 001 | 20202 | ||
| 003 | GE_BSU | ||
| 005 | 20200607233513.0 | ||
| 008 | 181216s2016||||ge |||||||||||||| ||geo|| | ||
| 010 | _a9781780646572 | ||
| 040 | _cGE_BSU | ||
| 041 | _ageo | ||
| 080 | _a005.95 ნ-19 | ||
| 100 |
_aნათჰოლი, პიტერ ლ. _98317 |
||
| 245 |
_aფერმის ბიზნესის მენეჯმენტი : _bკარგი პრაქტიკის საფუძვლები / _cპიტერ ლ. ნათჰოლი ; გამოცემის რედ. ტრეისი ჰეიდი. |
||
| 264 |
_a[თბილისი] : _bგ.გ., _c2016. |
||
| 300 |
_a491 გვ. ; _c28 სმ. |
||
| 490 | _aევროკავშირი საქართველოსათვის : ENPRAD : სოფლისა და სოფლის მეურნეობის განვითარების ხელშეწყობა | ||
| 500 | _aGABI-თარგმნილია საქართველოს საზოგადოებრივ საქმეთა ინსტიტუტებისათვის(GIPA) | ||
| 653 | _aმენეჯმენტი | ||
| 653 | _aფერმის ბიზნესის მენეჯმენტი | ||
| 700 |
_aჰეიდი ტრეისი _eრედაქტორი _98318 |
||
| 942 |
_cBK _2udc |
||